random trivia questions#3 - Statistics

General Stats
  • This quiz has been taken 33 times
  • The average score is 5 of 15
Answer Stats
Hint Answer % Correct
What is the only letter not to appear on the Periodic Table? j
85%
What’s the only U.S. state that grows coffee commercially? hawaii
48%
Which country has more volcanoes than any other? Indonesia
48%
What is Scotland’s national animal? unicorn
48%
What is the strongest muscle in the human body (relative to size)? tongue
44%
What U.S. state has the most ghost towns? texas
37%
Which vegetable was once considered poisonous in Europe? tomato
33%
What fast food item was originally called a “Liberty Sandwich” during WWI? hamburger
30%
Which Disney princess is the only one with a tattoo? Pocahontas
26%
In Japan, what do black cats symbolize? good luck
22%
Which part of the body continues to move for a while after decapitation? head
19%
What animal can’t burp or vomit? horse
15%
Which country has a tradition of wearing red underwear on New Year’s Eve for good luck? italy
15%
What bird can sleep while flying? swift
11%
What animal’s fingerprints are so similar to humans that they can confuse crime scene investigators? Koalas
4%
No matching quizzes found
Score Distribution
Percent of People with Each Score
Percentile by Number Answered
Your Score History
You have not taken this quiz